| 000 | 02371nam0a2200445 4500 | ||
|---|---|---|---|
| 001 | RU\NLR\BIBL_A\010020844 | ||
| 005 | 20250727040828.0 | ||
| 010 |
_a978-5-7996-0959-7 _9425 |
||
| 021 |
_aRU _b2013-93168 _96452 |
||
| 035 | _a(NLR Aleph) 010020844 | ||
| 090 |
_a9900542 _c9900542 |
||
| 100 | _a20140114d2013 |||y0rusy50 ca | ||
| 101 | 0 |
_arus _aeng _deng |
|
| 102 | _aRU | ||
| 105 | _aa|||7|||011yy | ||
| 200 | 1 |
_aЗабытые образы хантыйских шаманов _dForgotten images of Khanty shamans _eкаталог фотодокументов начала XX века из собрания Тобольского историко-архивного музея-заповедника (Г. Дмитриев-Садовников. Вах, 1912) _fЕлена Главацкая _gМ-во образования и науки Рос. Федерации, Ур. федер. ун-т им. первого Президента России Б.Н. Ельцина, М-во культуры Рос. Федерации, Тоб. ист.-архив. музей-заповедник _zeng |
|
| 210 |
_aЕкатеринбург _cИзд-во Уральского университета _d2013 |
||
| 215 |
_a152, [1] с. _cил. _d29 |
||
| 300 | _aАвт. также на англ. яз.: Elena Glavatskaya | ||
| 300 | _aТекст парал. на рус. и англ. яз. | ||
| 300 | _a90-летию Сургутского района посвящается | ||
| 320 | _aБиблиогр. в примеч. в конце разд. | ||
| 510 | 1 |
_6z92790 _aForgotten images of Khanty shamans _zeng |
|
| 600 | 1 |
_aДмитриев-Садовников _bГ. М. _f1885-1921 _gГригорий Матвеевич |
|
| 606 | 1 |
_aШаманизм у хантов _92352246 _3RU\NLR\AUTH\661405235 |
|
| 675 | _a39(571.1) | ||
| 686 | 1 | _aЭ240.73 | |
| 700 | 1 |
_aГлавацкая _bЕ. М. _gЕлена Михайловна |
|
| 790 | 1 |
_6z92510 _aGlavackaja _bE. _gElena |
|
| 801 | 0 |
_aRU _bRuMoRKP _c20131121 _gRCR |
|
| 801 | 2 |
_aRU _bРГБ _c20131129 _grcr |
|
| 801 | 1 |
_aRU _bRuMoRKP _c20131121 _2rusmarc |
|
| 852 |
_aNLR _bОНЛ _j2014-8/52 |
||
| 852 |
_aNLR _bОНЛ _j2014-8/52 |
||
| 852 |
_aNLR _bОНЛ _jХант./5-36 |
||
| 942 | _cBOOK | ||
| 980 | _aNB | ||
| 980 | _aNBR | ||